000 00448nam a2200169Ia 4500
008 221030s9999 xx 000 0 und d
020 _a8122421555
041 _aEnglish
082 _a105.23
100 _aR. Singh
245 0 _aMicroprocessors - Interfacing & Applications
_cby R. Singh, B. P. Singh
260 _bNew Age International Pub.
_aNew Delhi
_c2009
300 _a459
650 _aBE Computer
700 _aB. P. Singh
942 _cBK
999 _c8860
_d8860